[Event "CZE-chT2D 2223"]
[Site "Czech Republic"]
[Date "2023.01.08"]
[Round "6.7"]
[White "Blaha, Marek"]
[Black "Komarkova, Magdalena"]
[Result "1/2-1/2"]
[WhiteElo "1812"]
[BlackElo "1975"]
[PlyCount "24"]
[EventDate "2022.10.16"]
[EventType "team-tourn"]
[EventRounds "11"]
[EventCountry "CZE"]
[SourceTitle "EXT 2024"]
[Source "ChessBase"]
[SourceDate "2023.10.10"]
[SourceVersion "1"]
[SourceVersionDate "2023.10.10"]
[SourceQuality "1"]
[WhiteTeam "Zabreh"]
[BlackTeam "Policka Stefanydes"]
[WhiteTeamCountry "CZE"]
[BlackTeamCountry "CZE"]

1. d4 d5 2. Nf3 e6 3. e3 Bd6 4. c4 c6 5. b3 f5 6. Nbd2 Nf6 7. g3 0-0 8. Bg2 Ne4 9. Bb2 Nd7 10. 0-0 Qe8 11. Rc1 Ndf6 12. Ne5 Nxd2 1/2-1/2

[Event "CZE-ch U16"]
[Site "Kouty nad Desnou"]
[Date "2020.03.10"]
[Round "5"]
[White "Blaha, Marek"]
[Black "Kolar, Jan1111"]
[Result "1/2-1/2"]
[WhiteElo "1836"]
[BlackElo "1760"]
[PlyCount "61"]
[EventDate "2020.03.07"]
[EventType "swiss"]
[EventRounds "7"]
[EventCountry "CZE"]
[SourceTitle "CBM 195 Extra"]
[Source "ChessBase"]
[SourceDate "2020.05.31"]
[SourceVersion "1"]
[SourceVersionDate "2020.05.31"]
[SourceQuality "1"]

1. e4 e5 2. Nf3 Nc6 3. Nc3 Nf6 4. d4 exd4 5. Nxd4 Bb4 6. Nxc6 bxc6 7. Bd3 d5 8. exd5 cxd5 9. 0-0 0-0 10. Bg5 c6 11. Qf3 Bd6 12. Rae1 Rb8 13. Nd1 h6 14. Bxf6 Qxf6 15. Qxf6 gxf6 16. b3 Be6 17. Ne3 Rfe8 18. Nf5 Bxf5 19. Bxf5 Rxe1 20. Rxe1 Kf8 21. Kf1 Re8 22. h3 Re5 23. Rxe5 fxe5 24. f3 h5 25. g4 hxg4 26. hxg4 Ke7 27. Ke2 Bc7 28. a4 a5 29. Kd3 Kd6 30. Bc8 f6 31. Bf5 1/2-1/2

[Event "Kouty nad Desnou op-B"]
[Site "Kouty nad Desnou"]
[Date "2015.03.08"]
[Round "2"]
[White "Effenberger, Adam"]
[Black "Blaha, Marek"]
[Result "1-0"]
[WhiteElo "1785"]
[BlackElo "1465"]
[PlyCount "39"]
[EventDate "2015.03.07"]
[EventType "swiss"]
[EventRounds "9"]
[EventCountry "CZE"]
[SourceTitle "EXT 2017"]
[Source "ChessBase"]
[SourceDate "2016.10.25"]
[SourceVersion "1"]
[SourceVersionDate "2016.10.25"]
[SourceQuality "1"]

1. e4 e5 2. f4 d5 3. exd5 e4 4. d3 exd3 5. Bxd3 Nf6 6. Nf3 Bc5 7. Qe2+ Qe7 8. Qxe7+ Kxe7 9. Nc3 Rd8 10. Bd2 Nxd5 11. Nxd5+ Rxd5 12. 0-0-0 Bf5 13. Rhe1+ Kf8 14. Bc4 Rd6 15. h3 h5 16. Re5 g6 17. Rxc5 c6 18. Rxf5 gxf5 19. Bb4 Nd7 20. Rxd6 1-0